<?xml version="1.0" encoding="UTF-8"?>
<record
    xmlns:xsi="http://www.w3.org/2001/XMLSchema-instance"
    xsi:schemaLocation="http://www.loc.gov/MARC21/slim http://www.loc.gov/standards/marcxml/schema/MARC21slim.xsd"
    xmlns="http://www.loc.gov/MARC21/slim">

  <leader>02366cam a22004937i 4500</leader>
  <datafield tag="999" ind1=" " ind2=" ">
    <subfield code="c">526956</subfield>
    <subfield code="d">526956</subfield>
  </datafield>
  <controlfield tag="001">18174850</controlfield>
  <controlfield tag="003">NUST</controlfield>
  <controlfield tag="005">20190718055904.0</controlfield>
  <controlfield tag="008">140603t20142014ne a     b    001 0 eng d</controlfield>
  <datafield tag="010" ind1=" " ind2=" ">
    <subfield code="a">  2014395395</subfield>
  </datafield>
  <datafield tag="015" ind1=" " ind2=" ">
    <subfield code="a">GBB389064</subfield>
    <subfield code="2">bnb</subfield>
  </datafield>
  <datafield tag="016" ind1="7" ind2=" ">
    <subfield code="a">016507383</subfield>
    <subfield code="2">Uk</subfield>
  </datafield>
  <datafield tag="020" ind1=" " ind2=" ">
    <subfield code="a">9780124077263 (pbk.)</subfield>
  </datafield>
  <datafield tag="020" ind1=" " ind2=" ">
    <subfield code="a">0124077269 (pbk.)</subfield>
  </datafield>
  <datafield tag="035" ind1=" " ind2=" ">
    <subfield code="a">(OCoLC)ocn859555917</subfield>
  </datafield>
  <datafield tag="038" ind1=" " ind2=" ">
    <subfield code="a">Arshad</subfield>
  </datafield>
  <datafield tag="040" ind1=" " ind2=" ">
    <subfield code="a">UKMGB</subfield>
    <subfield code="b">eng</subfield>
    <subfield code="c">UKMGB</subfield>
    <subfield code="e">rda</subfield>
    <subfield code="d">OCLCO</subfield>
    <subfield code="d">UV0</subfield>
    <subfield code="d">CDN</subfield>
    <subfield code="d">TXI</subfield>
    <subfield code="d">FUG</subfield>
    <subfield code="d">DLC</subfield>
  </datafield>
  <datafield tag="042" ind1=" " ind2=" ">
    <subfield code="a">lccopycat</subfield>
  </datafield>
  <datafield tag="050" ind1="0" ind2="0">
    <subfield code="a">QA76.9.C643</subfield>
    <subfield code="b">P37 2014</subfield>
  </datafield>
  <datafield tag="082" ind1="0" ind2="4">
    <subfield code="a">004.21</subfield>
    <subfield code="b">PAT</subfield>
  </datafield>
  <datafield tag="100" ind1="1" ind2=" ">
    <subfield code="a">Patterson, David A.,</subfield>
    <subfield code="e">author.</subfield>
    <subfield code="9">710</subfield>
  </datafield>
  <datafield tag="245" ind1="1" ind2="0">
    <subfield code="a">Computer organization and design :</subfield>
    <subfield code="b">the hardware/software interface.</subfield>
  </datafield>
  <datafield tag="250" ind1=" " ind2=" ">
    <subfield code="a">Fifth edition /</subfield>
    <subfield code="b">David A. Patterson, University of California, Berkeley, John L. Hennessy, Stanford University ; with contributions by Perry alexander, the University of Kansas ... [and fifteen others].</subfield>
  </datafield>
  <datafield tag="264" ind1=" " ind2="1">
    <subfield code="a">Amsterdam ;</subfield>
    <subfield code="a">Boston :</subfield>
    <subfield code="b">Elsevier/Morgan Kaufmann, Morgan Kaufmann is an imprint of Elsevier,</subfield>
    <subfield code="c">[2014]</subfield>
  </datafield>
  <datafield tag="264" ind1=" " ind2="4">
    <subfield code="c">&#xA9;2014</subfield>
  </datafield>
  <datafield tag="300" ind1=" " ind2=" ">
    <subfield code="a">575 pages, 194 variously numbered pages :</subfield>
    <subfield code="b">illustrations ;</subfield>
    <subfield code="c">24 cm</subfield>
  </datafield>
  <datafield tag="336" ind1=" " ind2=" ">
    <subfield code="a">text</subfield>
    <subfield code="2">rdacontent</subfield>
  </datafield>
  <datafield tag="337" ind1=" " ind2=" ">
    <subfield code="a">unmediated</subfield>
    <subfield code="2">rdamedia</subfield>
  </datafield>
  <datafield tag="338" ind1=" " ind2=" ">
    <subfield code="a">volume</subfield>
    <subfield code="2">rdacarrier</subfield>
  </datafield>
  <datafield tag="490" ind1="1" ind2=" ">
    <subfield code="a">The Morgan Kaufmann series in computer architecture and design</subfield>
  </datafield>
  <datafield tag="500" ind1=" " ind2=" ">
    <subfield code="a">Previous edition: 2012.</subfield>
  </datafield>
  <datafield tag="500" ind1=" " ind2=" ">
    <subfield code="a">Rev. ed. of: Computer organization and design/John L. Hennessy, David A. Patterson. 1998.</subfield>
  </datafield>
  <datafield tag="504" ind1=" " ind2=" ">
    <subfield code="a">Includes bibliographical references and index.</subfield>
  </datafield>
  <datafield tag="505" ind1="0" ind2=" ">
    <subfield code="a">Computer abstractions and technology -- Instructions : language of the computer -- Arithmetic for computers -- The processor -- Large and fast : exploiting memory hierarchy -- Parallel processors from client to cloud.</subfield>
  </datafield>
  <datafield tag="520" ind1=" " ind2=" ">
    <subfield code="a">"Presents the fundamentals of hardware technologies, assembly language, computer arithmetic, pipelining, memory hierarchies and I/O"--Provided by publisher.</subfield>
  </datafield>
  <datafield tag="650" ind1=" " ind2="0">
    <subfield code="a">Computer organization.</subfield>
    <subfield code="9">7006</subfield>
  </datafield>
  <datafield tag="650" ind1=" " ind2="0">
    <subfield code="a">System design</subfield>
    <subfield code="x">Data processing.</subfield>
    <subfield code="9">17969</subfield>
  </datafield>
  <datafield tag="650" ind1=" " ind2="0">
    <subfield code="a">Computer architecture.</subfield>
    <subfield code="9">3070</subfield>
  </datafield>
  <datafield tag="700" ind1="1" ind2=" ">
    <subfield code="a">Hennessy, John L.,</subfield>
    <subfield code="e">author.</subfield>
    <subfield code="9">7008</subfield>
  </datafield>
  <datafield tag="830" ind1=" " ind2="0">
    <subfield code="a">Morgan Kaufmann series in computer architecture and design.</subfield>
    <subfield code="9">17970</subfield>
  </datafield>
  <datafield tag="906" ind1=" " ind2=" ">
    <subfield code="a">7</subfield>
    <subfield code="b">cbc</subfield>
    <subfield code="c">copycat</subfield>
    <subfield code="d">2</subfield>
    <subfield code="e">ncip</subfield>
    <subfield code="f">20</subfield>
    <subfield code="g">y-gencatlg</subfield>
  </datafield>
  <datafield tag="942" ind1=" " ind2=" ">
    <subfield code="2">ddc</subfield>
    <subfield code="c">BK</subfield>
  </datafield>
  <datafield tag="952" ind1=" " ind2=" ">
    <subfield code="0">0</subfield>
    <subfield code="1">0</subfield>
    <subfield code="2">ddc</subfield>
    <subfield code="4">0</subfield>
    <subfield code="7">0</subfield>
    <subfield code="a">NQC</subfield>
    <subfield code="b">NQC</subfield>
    <subfield code="c">CART</subfield>
    <subfield code="d">2019-07-18</subfield>
    <subfield code="e">Purchased</subfield>
    <subfield code="g">0.00</subfield>
    <subfield code="l">0</subfield>
    <subfield code="o">004.21 PAT</subfield>
    <subfield code="p">Q-35</subfield>
    <subfield code="r">2019-07-18</subfield>
    <subfield code="w">2019-07-18</subfield>
    <subfield code="y">BK</subfield>
  </datafield>
  <datafield tag="952" ind1=" " ind2=" ">
    <subfield code="0">0</subfield>
    <subfield code="1">0</subfield>
    <subfield code="2">ddc</subfield>
    <subfield code="4">0</subfield>
    <subfield code="7">0</subfield>
    <subfield code="a">NQC</subfield>
    <subfield code="b">NQC</subfield>
    <subfield code="c">CART</subfield>
    <subfield code="d">2019-07-18</subfield>
    <subfield code="e">Purchased</subfield>
    <subfield code="g">0.00</subfield>
    <subfield code="l">0</subfield>
    <subfield code="o">004.21 PAT</subfield>
    <subfield code="p">Q-36</subfield>
    <subfield code="r">2019-07-18</subfield>
    <subfield code="w">2019-07-18</subfield>
    <subfield code="y">BK</subfield>
  </datafield>
  <datafield tag="952" ind1=" " ind2=" ">
    <subfield code="0">0</subfield>
    <subfield code="1">0</subfield>
    <subfield code="2">ddc</subfield>
    <subfield code="4">0</subfield>
    <subfield code="7">0</subfield>
    <subfield code="a">NQC</subfield>
    <subfield code="b">NQC</subfield>
    <subfield code="c">CART</subfield>
    <subfield code="d">2019-07-18</subfield>
    <subfield code="e">Purchased</subfield>
    <subfield code="g">0.00</subfield>
    <subfield code="l">0</subfield>
    <subfield code="o">004.21 PAT</subfield>
    <subfield code="p">Q-37</subfield>
    <subfield code="r">2019-07-18</subfield>
    <subfield code="w">2019-07-18</subfield>
    <subfield code="y">BK</subfield>
  </datafield>
  <datafield tag="952" ind1=" " ind2=" ">
    <subfield code="0">0</subfield>
    <subfield code="1">0</subfield>
    <subfield code="2">ddc</subfield>
    <subfield code="4">0</subfield>
    <subfield code="7">0</subfield>
    <subfield code="a">NQC</subfield>
    <subfield code="b">NQC</subfield>
    <subfield code="c">CART</subfield>
    <subfield code="d">2019-07-18</subfield>
    <subfield code="e">Purchased</subfield>
    <subfield code="g">0.00</subfield>
    <subfield code="l">0</subfield>
    <subfield code="o">004.21 PAT</subfield>
    <subfield code="p">Q-38</subfield>
    <subfield code="r">2019-07-18</subfield>
    <subfield code="w">2019-07-18</subfield>
    <subfield code="y">BK</subfield>
  </datafield>
  <datafield tag="952" ind1=" " ind2=" ">
    <subfield code="0">0</subfield>
    <subfield code="1">0</subfield>
    <subfield code="2">ddc</subfield>
    <subfield code="4">0</subfield>
    <subfield code="7">0</subfield>
    <subfield code="a">NQC</subfield>
    <subfield code="b">NQC</subfield>
    <subfield code="c">CART</subfield>
    <subfield code="d">2019-07-18</subfield>
    <subfield code="e">Purchased</subfield>
    <subfield code="g">0.00</subfield>
    <subfield code="l">0</subfield>
    <subfield code="o">004.21 PAT</subfield>
    <subfield code="p">Q-39</subfield>
    <subfield code="r">2019-07-18</subfield>
    <subfield code="w">2019-07-18</subfield>
    <subfield code="y">BK</subfield>
  </datafield>
</record>
